Estádios que consagraram os campeões da Libertadores - Statistics

Estatísticas Gerais
  • Esse quiz foi jogado 195 vezes
  • A pontuação média é 33 de 64
Estatísticas das Respostas
Ano País Formato Estádio % Correto
2008 Brasil Ida e volta Maracanã
98%
2020 Brasil Jogo único Maracanã
98%
2023 Brasil Jogo único Maracanã
98%
1992 Brasil Ida e volta Morumbi
84%
1994 Brasil Ida e volta Morumbi
84%
2000 Brasil Ida e volta Morumbi
84%
2003 Brasil Ida e volta Morumbi
84%
2005 Brasil Ida e volta Morumbi
84%
1961 Brasil Ida e volta Pacaembu
81%
2002 Brasil Ida e volta Pacaembu
81%
2011 Brasil Ida e volta Pacaembu
81%
2012 Brasil Ida e volta Pacaembu
81%
1963 Argentina Ida e volta La Bombonera
80%
1978 Argentina Ida e volta La Bombonera
80%
1979 Argentina Ida e volta La Bombonera
80%
2001 Argentina Ida e volta La Bombonera
80%
1997 Brasil Ida e volta Mineirão
76%
2009 Brasil Ida e volta Mineirão
76%
2013 Brasil Ida e volta Mineirão
76%
2006 Brasil Ida e volta Beira-Rio
74%
2010 Brasil Ida e volta Beira-Rio
74%
1962 Argentina Desempate - 3° jogo Monumental de Nunez
69%
1986 Argentina Ida e volta Monumental de Nunez
69%
1996 Argentina Ida e volta Monumental de Nunez
69%
2015 Argentina Ida e volta Monumental de Nunez
69%
2018 Espanha Ida e volta Santiago Bernabeu
66%
1968 Uruguai Desempate - 3° jogo Centenario
62%
1970 Uruguai Ida e volta Centenario
62%
1973 Uruguai Desempate - 3° jogo Centenario
62%
1977 Uruguai Desempate - 3° jogo Centenario
62%
1980 Uruguai Ida e volta Centenario
62%
1981 Uruguai Desempate - 3° jogo Centenario
62%
1988 Uruguai Ida e volta Centenario
62%
2021 Uruguai Jogo único Centenario
62%
1983 Brasil Ida e volta Olímpico
60%
2007 Brasil Ida e volta Olímpico
60%
2019 Peru Jogo único Monumental de Lima
47%
1999 Brasil Ida e volta Parque Antártica/Palestra Itália
45%
1975 Paraguai Desempate - 3° jogo Defensores del Chaco
43%
1985 Paraguai Desempate - 3° jogo Defensores del Chaco
43%
1964 Argentina Ida e Volta La Doble Visera
31%
1972 Argentina Ida e volta La Doble Visera
31%
1990 Equador Ida e volta Monumental de Barcelona
26%
1998 Equador Ida e volta Monumental de Barcelona
26%
2022 Equador Jogo único Monumental de Barcelona
26%
2014 Argentina Ida e volta Nuevo Gasómetro
24%
2017 Argentina Ida e volta La Fortaleza
23%
1995 Colômbia Ida e volta Atanásio Girardot
20%
2016 Colômbia Ida e volta Atanásio Girardot
20%
1965 Chile Desempate - 3° jogo Nacional do Chile
16%
1966 Chile Desempate - 3° jogo Nacional do Chile
16%
1967 Chile Desempate - 3° jogo Nacional do Chile
16%
1974 Chile Desempate - 3° jogo Nacional do Chile
16%
1976 Chile Desempate - 3° jogo Nacional do Chile
16%
1982 Chile Ida e volta Nacional do Chile
16%
1987 Chile Desempate - 3° jogo Nacional do Chile
16%
1993 Chile Ida e volta Nacional do Chile
16%
1989 Colômbia Ida e volta El Campín
7%
1971 Peru Desempate - 3° jogo Nacional de Lima
5%
2004 Colômbia Ida e volta Palogrande
5%
1991 Chile Ida e volta Monumental de Colo-Colo
4%
1984 Argentina Ida e volta La Doble Visera
3%
1969 Argentina Ida e volta Jorge Luis Hirshi
2%
1960 Paraguai Ida e volta Manuel Ferreira
1%
Nenhum quiz correspondente encontrado
Distribuição das Pontuações
Porcentagem de Pessoas com Cada Pontuação
Percentil de Números Respondidos
Sua Pontuação Histórica
Você não jogou esse quiz